000 00656nam a22002177a 4500
003 UA-OsUOA
001 43802
007 ta
008 20070124b un ||||| |||| 00| 0 ukr d
100 _aМагомедов Б.В.
090 _a902
_bМ-11
942 _cSA
040 _aUA-OsUOA
_bukr
_cUA-OsUOA
_dUA-OsUOA
245 _aМонети як джерело вивчення історії племен черняхівської культури
300 _aС.46-52
955 _a0
041 _aukr
080 _a902
773 0 _w43798
_tАрхеологія
_dК.
_d2006
_g4
650 7 _a9 Географія. Біографії. Історія
_2UDC
999 _c329919
_d329919